Normal view
MARC view
- FATIMA JINNAH
Entry Topical Term
001 - CONTROL NUMBER
- control field: 66358
003 - CONTROL NUMBER IDENTIFIER
- control field: NUST
005 - DATE AND TIME OF LATEST TRANSACTION
- control field: 20210628203558.0
008 - FIXED-LENGTH DATA ELEMENTS
- fixed length control field: 210628|| aca||aabn | a|a d
040 ## - CATALOGING SOURCE
- Original cataloging agency: NUST
- Transcribing agency: NUST
150 ## - HEADING--TOPICAL TERM
- Topical term or geographic name entry element: FATIMA JINNAH
670 ## - SOURCE DATA FOUND
- Source citation: Work cat.: (NUST): Sufi, M.A Prof. Dr 66357, Madir-e-millat fatima jinnah, 2003
